000 00989cam a22003257a 4500
003 CHAP
005 20220329141813.0
008 971013s1978 r 00010 d
010 _a74104
011 _a75076
035 _a84636
040 _cCHAP
090 _aFolleto 7886
100 0 0 _aGarza Mercado, Ario.
_947105
245 1 4 _aLos sistemas de información documental
260 _aMéxico, D.F. :
_bABIESI,
_c1978
300 _a22 p.
490 0 _aCuadernos de ABIESI
_v; 6
590 _aBATCH-UPD
_b10
_c20130110
_lUCH01
_h0149
590 _aBATCH-UPD
_b10
_c20130110
_lUCH01
_h1302
590 _aBATCH-UPD
_b10
_c20130410
_lUCH01
_h0820
590 _aBATCH-UPD
_b10
_c20130914
_lUCH01
_h1108
590 _aCONVERSION
_b10
_c20130109
_lUCH01
_h1340
650 1 4 _aDocumentación.
_933172
650 1 4 _aSistema de información.
_9106707
830 0 _aCuadernos de ABIESI
_v; 6
_929741
901 _aBK
942 _cFOLL
949 _aFolleto 7886
_bBC
_cFOLL
_d-40061
_eLIBRO
_i84636
_mD
_si
999 _c74104
_d74104